| 000 | 02514nam a22003857a 4500 | ||
|---|---|---|---|
| 999 |
_c171426 _d171426 |
||
| 003 | OSt | ||
| 005 | 20190311155051.0 | ||
| 008 | 190305b my ||||| |||| 00| 0 may d | ||
| 020 |
_a9781849906647 _cRM 53.90 _qhardback |
||
| 040 |
_aPPAK _beng _cPPAK _erda |
||
| 082 | 0 | 4 |
_223 _a791.4566 |
| 090 |
_a 791.4566 _bBAR _dR |
||
| 100 |
_aBarrington, Rupert, _eauthor |
||
| 245 | 1 | 0 |
_aLIFE STORY : _bMany lives, one epic journey / _cRUPERT BARRINGTON AND MICHAEL GUNTON WITH MILES BARTON, IAN GRAY AND TOM HUGH-JONES ; FOREWORD BY DAVID ATTENBOROUGH |
| 264 | 1 |
_aLondon : _bBBC Books _c2014. |
|
| 300 |
_a288 pages : _bcolour illustrations ; _c 27 cm. |
||
| 336 |
_2rdacontent _atext |
||
| 337 |
_2rdamedia _aunmediated |
||
| 338 |
_2rdacarrier _avolume |
||
| 500 | _aTV tie-in. | ||
| 500 | _a"Accompanies the landmark BBC series"--Dust jacket. | ||
| 520 | _aAccompanying a landmark six-part BBC series, which also aired on the Discovery Channel, Life Story reveals the extraordinary lengths to which animals will go to ensure their survival Through a series of fascinating and unforgettable stories, Life Story shows how different animals sometimes make surprising choices when they face the great challenges of survival. From growing up, as we see how albatrosses learn to fly and how octopuses perfect the art of using tools, to the elaborate courting rituals of puffer fish, peacock spiders, and more, each chapter provides an astonishing look at the most crucial moments in an animal's life. Each story is illustrated by striking pictures and extraordinary still sequences from the filming. The book also includes a chapter on the making of the show, explaining how the team captured the most intimate moments of these animals' lives, whether tracking them via helicopter or creating an under-sea studio. Packed with intimate animal photography and never-before-seen footage, this book is an astonishing portrait of the natural world's most extraordinary life-or-death moments. | ||
| 650 | 1 | 0 | _aLife (Television program) |
| 650 | 2 | 0 |
_aAnimals _xHabitations _xPictorial works |
| 650 | 2 | 0 |
_aAnimals _xLife cycles _xPictorial works |
| 650 | 2 | 0 |
_aAnimals _xPictorial works |
| 650 | 2 | 0 |
_aAnimals _xHabitations |
| 650 | 2 | 0 |
_aAnimals _xLife cycles |
| 700 | 1 |
_aGunton, Michael, _d1957-, _eauthor. |
|
| 700 | 1 |
_aBarton, Miles, _eauthor |
|
| 700 | 1 |
_aGray, Ian, _eauthor |
|
| 700 | 1 |
_aHugh-Jones, Tom, _eauthor |
|
| 700 | 1 |
_aAttenborough, David, _d1926-, _e writer of foreword |
|
| 942 |
_2ddc _cB |
||